Länder mit einem einzigen militärischem Hinweis - Statistiken

Allgemein
  • Dieses Quiz wurde 238 mal gespielt
    221 seit der letzten Aktualisierung
  • Das Durchschnittsergebnis liegt bei 8 aus 15
Antwortstatistiken
Hinweis LAND % Korrekt
Land mit den meisten Militärausgaben USA
99%
meiste aktive Soldaten China
89%
besitzt am meisten Nuklearwaffen Russland
86%
Land mit den meisten Militärausgaben in Europa Frankreich
83%
grösstes Land vom ehemaligem Jugoslawien Serbien
78%
zweitgrösstes Land der damaligen Sowjetunion Kasachstan
75%
kleinstes Land der NATO Luxemburg
69%
kleinstes Land, welches Nuklearwaffen besitzt Israel
57%
Land mit den meisten Soldaten pro Kopf Nordkorea
51%
Land welches früher Nuklearwaffen hatte, heute nicht mehr Südafrika
42%
einziges Land aus Afrika, welches jemals in der NATO war Algerien
39%
grösstes Land ohne Militär Island
39%
höchste Militärausgaben, gemessen am BIP (Bruttoinlandsprodukt) Nordkorea
28%
kleinstes Land mit mindestens einem Hubschrauberträger Südkorea
9%
niedrigste Militärausgaben, gemessen am BIP (Bruttoinlandsprodukt), liegt in Afrika Tansania
3%
Keine übereinstimmenden Quizze gefunden
Verteilung der Resultate
Anzahl Personen mit jedem Resultat
Perzentil nach korrekt beantworteten Fragen
Ihre Resultats-Entwicklung
Sie haben dieses Quiz seit der letzten Aktualisierung nicht gespielt